[Event "GER-chT Lands U20"]
[Site "Dresden"]
[Date "2008.11.18"]
[Round "7.3"]
[White "Gruenter, Martin"]
[Black "Duenzel, Jonas"]
[Result "1-0"]
[WhiteElo "2018"]
[BlackElo "1983"]
[PlyCount "85"]
[EventDate "2008.11.14"]
[EventType "team-swiss"]
[EventRounds "7"]
[EventCountry "GER"]
[SourceTitle "EXT 2010"]
[Source "ChessBase"]
[SourceDate "2010.11.25"]
[SourceVersion "1"]
[SourceVersionDate "2010.11.25"]
[SourceQuality "1"]
[WhiteTeam "Rheinland Pfalz"]
[BlackTeam "Sachsen"]
[WhiteTeamCountry "GER"]
[BlackTeamCountry "GER"]

1. e4 c5 2. c3 Nf6 3. e5 Nd5 4. d4 cxd4 5. Nf3 Nc6 6. Bc4 Nb6 7. Bb3 d6 8. exd6 Qxd6 9. 0-0 Be6 10. Bxe6 Qxe6 11. Nxd4 Nxd4 12. cxd4 g6 13. Re1 Qd7 14. Bg5 0-0-0 15. Nc3 Kb8 16. Qf3 f5 17. a4 a6 18. Bf4+ Ka8 19. Nb5 Nd5 20. Be5 Rg8 21. Rec1 Bg7 22. Rc5 Bxe5 23. dxe5 e6 24. Nd6 g5 25. b4 g4 26. Qb3 h5 27. b5 b6 28. Rxd5 exd5 29. Qxd5+ Kb8 30. a5 bxa5 31. bxa6 Ka7 32. Qc5+ Ka8 33. a7 Rc8 34. Nxc8 Rxc8 35. Qxa5 Rc7 36. Qb6 Qc8 37. g3 f4 38. gxf4 h4 39. Qb8+ Qxb8 40. axb8Q+ Kxb8 41. e6 h3 42. f5 Re7 43. Re1 1-0

[Event "Berlin Lichtenrade op 04th"]
[Site "Berlin"]
[Date "2008.10.21"]
[Round "4"]
[White "Maahs, Erich"]
[Black "Duenzel, Jonas"]
[Result "1-0"]
[WhiteElo "2151"]
[BlackElo "2007"]
[PlyCount "47"]
[EventDate "2008.10.18"]
[EventType "swiss"]
[EventRounds "9"]
[EventCountry "GER"]
[SourceTitle "CBM 126 Extra"]
[Source "ChessBase"]
[SourceDate "2008.11.05"]
[SourceVersion "1"]
[SourceVersionDate "2008.11.05"]
[SourceQuality "1"]

1. e4 c5 2. Nf3 d6 3. d4 cxd4 4. Nxd4 Nf6 5. Nc3 a6 6. Bg5 e6 7. f4 Be7 8. Qf3 Qc7 9. 0-0-0 Nbd7 10. g4 b5 11. Bxf6 gxf6 12. Bh3 Bb7 13. g5 0-0-0 14. Qh5 fxg5 15. Qxf7 Nc5 16. Bxe6+ Kb8 17. Nd5 Bxd5 18. exd5 Rde8 19. f5 h6 20. Nc6+ Kb7 21. Nxe7 Rxe7 22. Qf6 b4 23. Qxh8 b3 24. axb3 1-0